| 000 | 01499nam a22002655a 4500 | ||
|---|---|---|---|
| 999 |
_c27087 _d27059 |
||
| 003 | EG-ScBUE | ||
| 005 | 20190206104447.0 | ||
| 008 | 190206s2011 ua frb 000 0 ara d | ||
| 040 |
_aEG-ScBUE _bara _cEG-ScBUE _dEG-ScBUE |
||
| 043 | _af-ua--- | ||
| 082 | 0 | 4 |
_a345 _bخ ا ل _222 |
| 100 | 1 | _aخالد، عدلي أمير. | |
| 245 | 1 | 2 |
_aالمحيط في التعليق على قانون العقوبات في ضوء المستحدث من القانون و أحكام النقض و الدستورية / _cعدلي أمير خالد، أميرة عدلي أمير. |
| 260 |
_a[القاهرة] : _bنادي القضاة، _c2011. |
||
| 300 |
_a1856 ص. ؛ _c24 سم. |
||
| 504 | _aيشتمل على إرجاعات ببليوجرافية. | ||
| 505 | 0 | _aالقواعد القانونية في العقوبات -- جرائم الاعتداء على الأشخاص و الأموال -- الجرائم الضارة بأمن الدولة من الداخل و الخارج -- القيود و الأوصاف وتسبيب الأحكام - المقارنة بالتشريع الإسلامي في العقوبات. | |
| 650 | 7 |
_aقانون العقوبات _zمصر. _2BUEsh _941137 |
|
| 650 | 7 |
_aجرائم الاعتداء على الأشخاص _xقوانين وتشريعات _zمصر. _2BUEsh |
|
| 650 | 7 |
_aجرائم الضرب _xقوانين وتشريعات _zمصر. _2BUEsh _940902 |
|
| 651 | _2BUEsh | ||
| 653 |
_bLLAAWW _cFebruary2019 |
||
| 700 | 1 | _aأمير، أميرة عدلي. | |
| 942 | _2ddc | ||